000 00697nam a22002172 4500
001 0000011987
005 20151217152105.0
008 090123s xx 000 0 eng d
020 _a0304335819 :
040 _aKABU
_cKABU
245 1 0 _aKnowledge and nationhood :
_beducation, politics and work /
_cJames Avis ...[et al.]
250 _a1st ed.
260 _aLondon :
_bCassell,
_c1996.
300 _ax, 198 p.
650 0 _aEducation and state
_zGreat Britain.
_@0000168124
650 0 _aEducation
_xEconomic aspects.
_zGreat Britain.
_@0000168125
700 1 _aAvis, James.
_@0000168126
852 1 _9p5255 KES
908 _a090123
950 _@1
999 _c8133
_d8133